=LDR 00000nam 2200000 4500 =001 INLIS000000000020044 =005 20130612115034 =008 ***********************************Ind** =035 ##$$0010-061300000020044 =041 ##$$a Ind =082 ##$$a 808.301 =090 ##$$a 808.301, Ram p =100 ##$$a Rampan, Korrie Layun =245 ##$$a Percintaan angin, Korrie Layun Rampan =260 ##$$a 2003 $b Jakarta =300 ##$$a ix, 166 hlm, 17 cm =650 ##$$a Cerita pendek-kumpulan =850 ##$$a NBPNMAT